| 000 | 01710nam2a22002651 4500 | ||
|---|---|---|---|
| 001 | RU\NLR\INFOCOMM10\1000139670 | ||
| 005 | 20250617172611.0 | ||
| 035 | _a(NLR Aleph) 002848905 | ||
| 090 |
_a2999065 _c2999065 |
||
| 100 | _a20040126d1933 |||y0rusy50 ca | ||
| 101 | 0 | _arus | |
| 102 | _aRU | ||
| 105 | _ay ||||||||| | ||
| 200 | 1 |
_aКерченские железорудные месторождения _fКонстантов С.В. _gЦентр. науч.-исслед. геол.-разведочный ин-т. Сектор полезных ископаемых |
|
| 210 |
_d1933 _aБ. м. |
||
| 423 | 1 |
_12001#$aГеологические исследования железорудных месторождений Керченского полуострова$fЭберзин, А.Г. _1700#1$aЭберзин$bА.Г. _tГеологические исследования железорудных месторождений Керченского полуострова _aЭберзин, А.Г. |
|
| 461 | 0 |
_1001RU\NLR\INFOCOMM10\1000139357 _12001#$aТруды Всесоюзного геолого-разведочного объединения НКТП СССР$vВып.325 _93998427 _aВсесоюзное геолого-разведочное объединение _cЛ. _d1930-1935 _nОНТИ. Глав. ред. геолого-развед. и геодез. лит. _tТруды Всесоюзного геолого-разведочного объединения НКТП СССР _vВып.325 |
|
| 700 | 1 |
_aКонстантов _bС.В. _4070 |
|
| 801 | 1 |
_aRU _bInfoComm _c20040126 |
|
| 801 | 0 |
_aRU _bNLR _gPSBO |
|
| 852 |
_aNLR _jП8/148 |
||
| 942 | _cISSUE | ||
| 980 | _aNB | ||
| 980 | _aRUSPER | ||